| 000 | 00512cam a22002054a 4500 | ||
|---|---|---|---|
| 005 | 20250605164250.0 | ||
| 008 | 250528s ||||||||||||||||||||||||d | ||
| 035 | _a21686 | ||
| 020 | _a9780521011488 | ||
| 040 |
_aGR-AtMCL _bgre _dGR-AtMCL _eAACR2 |
||
| 245 | 1 | _aINSIGHT INTO IELTS (SET OF 2) | |
| 250 | _a2 | ||
| 260 |
_bCambridge University Press, _c2005 |
||
| 300 | _a192 | ||
| 700 | 1 |
_aJakeman Vanessa _97627 |
|
| 700 | 1 |
_aMcdowell Clare _97628 |
|
| 942 | _cBK | ||
| 999 |
_c6746 _d6746 |
||